000 00893nam a22003137a 4500
001 BR8803230
003 BR-BrBNA
005 20230928092920.0
007 ta
008 230509b bl.||||| |||| 00| 0 por d
040 _aBR-BrBNA
_bpor
_cBiblioteca Nacional de Agricultura
041 _a(Por)
072 _aQ04
090 _ Q04 BR8803230
100 1 _aPregnolatto, W.
100 1 _aPregnolatto, N.P.
110 1 _aInstituto Adolfo Lutz, Sao Paulo, SP (Brasil)
_95619
245 1 _aNormas analiticas do Instituto Adolfo Lutz. v. 1 Metodos quimicos e fisicos para analise de alimentos
250 1 _a3. ed.
260 3 _aSao Paulo, SP (Brasil):
_c1985.
300 _a533 p.
650 _aANALISE DE ALIMENTO
650 _aANALISE FISICA
650 _aANALISE QUIMICA
650 _aEMBALAGEM
650 _aEQUIPAMENTO
909 _a202309
_bLucia
_c55
_dLucia Elande
942 _cBK
999 _c41959
_d41959